| 000 | 02969cgm a2200661Ia 4500 | ||
|---|---|---|---|
| 003 | data | ||
| 005 | 20260322212018.0 | ||
| 007 | data | ||
| 008 | data | ||
| 020 | _a0788830120 | ||
| 020 | _a9780788830129 | ||
| 024 | 1 | _a786936160079 | |
| 028 | 4 | 2 |
_a23315 _bBuena Vista Home Entertainment |
| 040 |
_aTEF _cTEF _dOCLCQ _dJFL _dOCLCQ |
||
| 041 | 1 |
_aengfrespa _heng |
|
| 082 | 0 | 4 | _a791.43/72 |
| 099 | _aDVD 680 | ||
| 130 | 0 | _aHunchback of Notre Dame (Motion picture : 1996) | |
| 245 | 1 | 4 |
_aThe hunchback of Notre Dame _h[videorecording] / _cDon Hahn ... [et al.]. |
| 260 |
_aBurbank, Calif. : _bBuena Vista Home Entertainment [distributor, _c2002] |
||
| 300 |
_a1 videodisc (91 min.) : _bsd., col. ; _c4 3/4 in. |
||
| 500 | _aOriginally produced as a motion picture in 1996; re-released as DVD on Mar. 19, 2002. | ||
| 500 | _aBased on the novel by Victor Hugo. | ||
| 500 | _aSpecial features: "Making of" featurette; Audio commentary by the producer and directors; Singalong song "Topsy turvy"; multi-language reel "A guy like you"; "Topsy turvy underground" game. | ||
| 508 | _aMusic, Alan Menken ; lyrics, Stephen Schwartz. | ||
| 511 | 0 | _aVoices: Jason Alexander, Tom Hulce, Tony Jay, Paul Kandel, Charles Kimbrough, Kevin Kline, Demi Moore, David Odgen Stiers, Mary Wickes. | |
| 520 | _aQuasimodo ventures from his tower to the joyous festival of fools, but the crowd turns cruel and rejects him because of the way he looks. The gypsy Esmeralda rescues him and he finds himself battling to save the people and the city he loves--while reminding us to see people as they are rather than how they appear. | ||
| 521 | 8 | _aMPAA rating: G. | |
| 538 | _aDVD, Dolby digital 5.1 surround sound, DTS digital 5.1 surround sound, widescreen (aspect ratio 1.85:1) | ||
| 546 | _aIn English with optional soundtrack in French or Spanish; closed-captioned in English for the hearing impaired. | ||
| 600 | 0 | 0 |
_aQuasimodo (Fictitious character) _vJuvenile drama. |
| 600 | 0 | 0 |
_aEsmeralda (Fictitious character) _vJuvenile drama. |
| 650 | 0 |
_aToleration _vJuvenile drama. |
|
| 650 | 0 | _aFilms for the hearing impaired. | |
| 651 | 0 |
_aFrance _xHistory _yLouis XI, 1461-1483 _vJuvenile drama. |
|
| 651 | 0 |
_aParis (France) _xHistory _yTo 1515 _vJuvenile drama. |
|
| 655 | 7 |
_aAnimated films. _2lcsh. |
|
| 655 | 7 |
_aAnimation. _2migfg. |
|
| 700 | 1 | _aHahn, Don. | |
| 700 | 1 | _aMurphy, Tab. | |
| 700 | 1 | _aTrousdale, Gary. | |
| 700 | 1 | _aWise, Kirk. | |
| 700 | 1 |
_aAlexander, Jason, _d1959- |
|
| 700 | 1 |
_aHulce, Tom, _d1953- |
|
| 700 | 1 | _aJay, Tony. | |
| 700 | 1 | _aKandel, Paul. | |
| 700 | 1 | _aKimbrough, Charles. | |
| 700 | 1 | _aKline, Kevin. | |
| 700 | 1 | _aMoore, Demi. | |
| 700 | 1 | _aStiers, David Ogden. | |
| 700 | 1 | _aWickes, Mary. | |
| 700 | 1 | _aMenken, Alan. | |
| 700 | 1 | _aSchwartz, Stephen. | |
| 700 | 1 |
_aHugo, Victor, _d1802-1885. _tNotre-Dame de Paris. |
|
| 710 | 2 | _aWalt Disney Pictures. | |
| 710 | 2 | _aBuena Vista Home Entertainment (Firm) | |
| 001 | data | ||
| 999 |
_c396 _d396 |
||